000 00859 a2200217 4500
020 _a0070420564
040 _aDLC
_bDLC
082 0 0 _a005.2768
100 1 _aMichaelis, Mark.
245 1 0 _aCOM+ programming from the ground up
_cMark Michaelis.
260 _aBerkeley, Calif. ;
_aLondon :
_bOsborne/McGraw-Hill,
_cc2000.
300 _axix, 652 p. :
_bill. ;
_c24 cm.
500 _aIncludes index.
650 0 _aCOM (Computer architecture)
650 0 _aComputer programming.
700 1 _aSchildt, Herbert.
856 4 2 _3Contributor biographical information
_uhttp://www.loc.gov/catdir/enhancements/fy0707/00711032-b.html
856 4 2 _3Publisher description
_uhttp://www.loc.gov/catdir/enhancements/fy0707/00711032-d.html
856 4 2 _3Table of contents only
_uhttp://www.loc.gov/catdir/enhancements/fy0707/00711032-t.html
942 _cBK
_k005.2768 MIC
_2ddc
999 _c6264
_d6264